Analysis of panel data

Saved in:
Bibliographic Details
Main Author: Hsiao, Cheng
Format: Book
Language:English
Published: New York Cambridge University Press 2014
Edition:3rd ed.
Series:Econometric society monographs
Subjects:
Tags: Add Tag
No Tags, Be the first to tag this record!

MARC

LEADER 00000nam a2200000 4500
001 0216326
005 20240306140159.5
020 |a 978-1-107-65763-2 
020 |a 978-1-107-03869-1 
041 0 |a eng 
044 |a US 
245 1 0 |a Analysis of panel data  |c Cheng Hsiao 
250 |a 3rd ed. 
264 1 |a New York  |b Cambridge University Press  |c 2014 
300 |a 538 s. 
490 1 |a Econometric society monographs 
830 0 |a Econometric society monographs 
610 2 0 |a ekonometria 
610 2 0 |a modelovanie ekonometrické 
610 2 0 |a modely regresné 
610 2 0 |a modely lineárne 
610 2 0 |a štatistika 
610 2 0 |a odhad štatistický 
610 2 0 |a analýzy 
610 2 0 |a testy 
610 2 0 |a modely dynamické 
610 2 0 |a korelácia 
610 2 0 |a analýza dát panelových 
100 1 |a Hsiao, Cheng